Montenegro in Eurovision - 12 points - Statistics

General Stats
  • This quiz has been taken 30 times
  • The average score is 31 of 34
Answer Stats
Hint Answer % Correct
2007 SF Serbia
100%
2007 Serbia
100%
2008 Serbia
100%
2012 Serbia
100%
2015 Serbia
100%
2016 (Televote) Serbia
100%
2018 SF (Jury) Serbia
100%
2018 SF (Televote) Serbia
100%
2018 (Jury) Serbia
100%
2018 (Televote) Serbia
100%
2019 SF (Televote) Serbia
100%
2019 (Jury) Serbia
100%
2019 (Televote) Serbia
100%
2022 SF (Televote) Serbia
100%
2022 (Jury) Serbia
100%
2022 (Televote) Serbia
100%
2008 SF Bosnia & Herzegovina
91%
2009 SF Bosnia & Herzegovina
91%
2009 Bosnia & Herzegovina
91%
2016 SF (Televote) Bosnia & Herzegovina
91%
2017 (Televote) Croatia
91%
2012 SF Albania
87%
2014 SF Albania
87%
2017 SF (Televote) Albania
87%
2017 SF (Jury) Greece
83%
2017 (Jury) Greece
83%
2019 SF (Jury) Greece
83%
2015 SF Slovenia
83%
2022 SF (Jury) Sweden
83%
2013 SF Ukraine
78%
2014 Hungary
65%
2016 (Jury) Malta
65%
2013 Azerbaijan
61%
2016 SF (Jury) Armenia
57%
No matching quizzes found
Score Distribution
Percent of People with Each Score
Percentile by Number Answered
Your Score History
You have not taken this quiz